Manual para agentes de desarrollo rural: ideas y propuestas para moverse entre la conservación del patrimonio y el desarrollo local
שמור ב:
| מחבר ראשי: | |
|---|---|
| פורמט: | ספר |
| שפה: | ספרדית |
| יצא לאור: |
Barcelona
Mundi Prensa
2005
|
| מהדורה: | 2a. ed |
| נושאים: | |
| תגים: |
הוספת תג
אין תגיות, היה/י הראשונ/ה לתייג את הרשומה!
|
MARC
| LEADER | 00000cam a2200000 a 4500 | ||
|---|---|---|---|
| 001 | UCG9880 | ||
| 003 | CL-VaPUC | ||
| 008 | 120412e20050000SP |||||||||||||||||spa|d | ||
| 020 | |a 8484762645 | ||
| 082 | 0 | 4 | |a 338.1 |b IZQ |2 21 |
| 100 | 0 | |a Izquierdo Vallina, Jaime |e author |9 561615 | |
| 245 | 1 | 0 | |a Manual para agentes de desarrollo rural: ideas y propuestas para moverse entre la conservación del patrimonio y el desarrollo local |
| 250 | |a 2a. ed | ||
| 300 | |a 453 p | ||
| 942 | |c BK | ||
| 945 | |d 20120412 00:00:00 |a dcastane | ||
| 260 | |a Barcelona |b Mundi Prensa |c 2005 | ||
| 650 | 0 | |a Patrimonio |9 257770 | |
| 650 | 7 | |a DESARROLLO RURAL |2 CL-VaPUC |9 561616 | |
| 650 | 0 | |a Desarrollo económico y social |9 256320 | |
| 583 | |a last modification |c 20120412 10:24:00 |k Rodrigo Vera | ||
| 999 | |c 347407 |d 347405 | ||
| 952 | |0 0 |1 0 |4 0 |6 338_100000000000000_IZQ_2005 |7 0 |8 A |9 448715 |a BIBING |b BIBING |d 2019-11-22 |i 4853865 |l 5 |m 1 |o 338.1 IZQ 2005 |p 4853865 |r 2025-01-20 |s 2023-10-25 |w 2019-11-22 |y BK |k GEO | ||